L'alphabet de la discographie de Ive - Statistiques

Statistiques générales
  • Ce quiz a été pris 62 fois
    6 depuis la dernière actualisation
  • Le résultat moyen est 35 sur 59
Statistiques - réponses
Chansons % Correct
Accendio
100%
After Like
100%
Attitude
100%
Baddie
100%
Bang Bang
100%
Blackhole
100%
Eleven
100%
Fireworks
100%
Gotcha (Baddest Eros)
100%
Heya
100%
Holy Moly
100%
Hush
100%
I Am
100%
Ice Queen
100%
Kitsch
100%
Love Dive
100%
Rebel Heart
100%
Supernova Love (feat David Guetta)
100%
XOXZ
100%
Blue Blood
67%
Flu
67%
Hot Coffee
67%
Midnight Kiss
67%
Mine
67%
Off The Record
67%
Stuck In Your Head
67%
Tko
67%
Wave
67%
Will
67%
Wow
67%
Be Alright
33%
삐빅 (♡Beats)
33%
Blue Heart
33%
Cherish
33%
Classic
33%
Crush
33%
Dare Me
33%
Dear, My Feelings
33%
Either Way
33%
Fashion
33%
Heroine
33%
Hypnosis
33%
I Want
33%
Lips
33%
My Satisfaction
33%
Next Page
33%
Not Your Girl
33%
OTT
33%
Payback
33%
Reset
33%
Royal
33%
Shine With Me
33%
Summer Festa
33%
Take It
33%
Thank U
33%
Wild Bird
33%
You Wanna Cry
33%
All Night (feat Saweetie)
0%
Queen Of Hearts
0%
Aucun quiz correspondant
Distribution des résultats
% des personnes avec chaque résultat
Percentile par nombre de réponses
Votre historique - résultats
Vous n’avez pas pris ce quiz depuis la dernière actualisation